000
00271 a2200097 4500
090
_c
3593
_d
3593
100
_a
Er.V.K. Jain
245
_a
Programming Wap, Wap Servlets with WML, WML Script and 3G
260
_a
Dreamtech Press
_b
New Delhi
_c
2001
942
_a
NBS
_c
BK
_k
005.1 JAI
999
_c
346064
_d
346064